| 000 | 00517nam a22001817a 4500 | ||
|---|---|---|---|
| 005 | 20241003064844.0 | ||
| 008 | 241003b |||||||| |||| 00| 0 eng d | ||
| 020 | _a9780639008820 | ||
| 041 | _aEnglish | ||
| 082 | _a342 BUR | ||
| 100 | _lEnglish | ||
| 245 |
_aAdministrative Law / _cY Burns and R Henrico |
||
| 250 | _a5th Edition | ||
| 260 |
_aDurban: _bLexisNexis (Pty) Ltd, _c2022 |
||
| 300 |
_bxxiv, 746 pages; _c26 cm. |
||
| 650 |
_aLegal practice _bLaw |
||
| 942 |
_cBK _6ALISON_BN_VRIES |
||
| 999 |
_c3205 _d3205 |
||